<?xml version="1.0" encoding="UTF-8"?>
<record
    xmlns:xsi="http://www.w3.org/2001/XMLSchema-instance"
    xsi:schemaLocation="http://www.loc.gov/MARC21/slim http://www.loc.gov/standards/marcxml/schema/MARC21slim.xsd"
    xmlns="http://www.loc.gov/MARC21/slim">

  <leader>01251nam a2200205 a 4500</leader>
  <controlfield tag="008">180514e2006    sp  |||gr|||| 000 1 spa d</controlfield>
  <datafield tag="020" ind1=" " ind2=" ">
    <subfield code="a">8466629807</subfield>
  </datafield>
  <datafield tag="041" ind1=" " ind2=" ">
    <subfield code="a">spa</subfield>
  </datafield>
  <datafield tag="092" ind1=" " ind2=" ">
    <subfield code="c">808</subfield>
    <subfield code="l">46</subfield>
    <subfield code="s">KAT</subfield>
  </datafield>
  <datafield tag="100" ind1="1" ind2=" ">
    <subfield code="a">Katzenbach, John</subfield>
    <subfield code="9">3922</subfield>
  </datafield>
  <datafield tag="245" ind1=" " ind2=" ">
    <subfield code="a">Retrato en sangre /</subfield>
    <subfield code="c">John Katzenbach</subfield>
  </datafield>
  <datafield tag="250" ind1=" " ind2=" ">
    <subfield code="a">1a ed.</subfield>
    <subfield code="b">Traducci&#xF3;n Cristina Martin Sanz</subfield>
  </datafield>
  <datafield tag="260" ind1=" " ind2=" ">
    <subfield code="a">Barcelona:</subfield>
    <subfield code="b">Ediciones B;</subfield>
    <subfield code="c">2006.</subfield>
  </datafield>
  <datafield tag="300" ind1=" " ind2=" ">
    <subfield code="a">565 p.</subfield>
  </datafield>
  <datafield tag="500" ind1=" " ind2=" ">
    <subfield code="a">Katzenbach, J. (2006). Retrato en sangre. (1a ed.). Barcelona : Ediciones B.</subfield>
  </datafield>
  <datafield tag="505" ind1=" " ind2=" ">
    <subfield code="a">No era un viaje normal por carretera... Miami, Nueva Orleans, Kansas City, Omaha, Chicago, Cleveland. Un hombre, una mujer, un coche y una c&#xE1;mara fotogr&#xE1;fica. &#xC9;l secuestra, mata y despu&#xE9;s fotograf&#xED;a a sus v&#xED;ctimas. Ella escribe sobre lo ocurrido y se asegura de que ha plasmado correctamente la historia, porque sabe que &#xE9;l lo revisa todo. La detective Mercedes Barren tiene motivos para perseguirlo: su sobrina fue una v&#xED;ctima. Y tambi&#xE9;n el psiquiatra Mart&#xED;n Jeffers, especialista en delincuentes sexuales. Una odisea. Una expedici&#xF3;n. Una pesadilla que se adentra en el d&#xED;a siguiente...con Retrato en sangre. </subfield>
  </datafield>
  <datafield tag="590" ind1=" " ind2=" ">
    <subfield code="a">Donaci&#xF3;n Dr. Gallardo Andr&#xE9;s, mayo 2018.</subfield>
  </datafield>
  <datafield tag="655" ind1=" " ind2=" ">
    <subfield code="a">Literatura</subfield>
    <subfield code="9">2917</subfield>
  </datafield>
  <datafield tag="942" ind1=" " ind2=" ">
    <subfield code="2">ddc</subfield>
    <subfield code="c">LIT</subfield>
  </datafield>
  <datafield tag="999" ind1=" " ind2=" ">
    <subfield code="c">2738</subfield>
    <subfield code="d">2738</subfield>
  </datafield>
  <datafield tag="952" ind1=" " ind2=" ">
    <subfield code="0">0</subfield>
    <subfield code="1">0</subfield>
    <subfield code="2">ddc</subfield>
    <subfield code="4">0</subfield>
    <subfield code="7">0</subfield>
    <subfield code="a">BFM</subfield>
    <subfield code="b">BFM</subfield>
    <subfield code="c">CR</subfield>
    <subfield code="d">2018-05-15</subfield>
    <subfield code="e">Donaci&#xF3;n Dr. Gallardo, Andr&#xE9;s. Mayo 2018</subfield>
    <subfield code="l">8</subfield>
    <subfield code="m">7</subfield>
    <subfield code="o">808 46 KAT</subfield>
    <subfield code="p">4252</subfield>
    <subfield code="r">2025-04-30</subfield>
    <subfield code="s">2024-12-20</subfield>
    <subfield code="t">Ej. 1</subfield>
    <subfield code="w">2018-05-15</subfield>
    <subfield code="y">LIT</subfield>
    <subfield code="z">Proyecto 4to libro. Donaci&#xF3;n Dr. Gallardo, Andr&#xE9;s. Mayo 2018</subfield>
  </datafield>
</record>
